00956nam a2200277Ia 4500001001000000003000500010008004100015010001100056040000900067082001800076100003200094245010100126260004700227300001100274440004300285650003800328650002200366901001800388902000600406905006300412910000900475942000900484942001200493999001900505952015400524Para_8874CHAP220125s1979 xx 000 0 und d a207637 cCHAP aPA 595.789 K5 aKlots, Alexander B.9174171 aA fiel guide to the butterflies North America east of the Great Plains /c by Alexander B. Klots aBoston, Mass. :b Houghton Mifflin Company a349 p. aThe Peterson Fiel Guide Series9112693 aLepidopteros x Catalogos9171097 aMariposas 971395 aPA 595.789 K5 aA a0000001979 ad 0000000000 00 a1979 cPARA cPARAd1 c207637d207637 00102ddc4051708GRALaPAbPAd2005-10-27i(PA_8629) (No. UACh C/E)l0oPA 595.789 K5p4102001214r2022-01-25 00:00:00tEj.1w2022-01-25yLIBROz3